00570nam a2200181Ia 4500003000500000008004100005020001800046040001900064082000700083100002600090245006100116260003600177300000800213546001200221942001200233999001700245952012600262STCL181203s9999 xx 000 0 und d a9788170087793 aSTCLbENcSTCL 222 aChaudhary, Anil Bikas 4aThe Art of Programming Through Flowcharts and Algorithms bFirewall MediaaNew Delhic2011 a160 aEnglish 2ddccBK c87340d87340 00102ddc4070aSTCALbSTCALcGENd2018-12-03l1m1o005.1 CHA-Tp95986r2024-11-11 00:00:00s2024-10-17w2018-12-03yBK